Manual de cunicultura /
Guardado en:
| Autor Principal: | |
|---|---|
| Otros Autores: | |
| Formato: | Libro |
| Publicado: |
Buenos Aires :
Albatros,
1993
|
| Edición: | 2a. ed. |
| Materias: | |
| Etiquetas: |
Agregar Etiqueta
Sin Etiquetas, Sea el primero en etiquetar este registro!
|
| LEADER | 01121nam a22003015a 4500 | ||
|---|---|---|---|
| 001 | CEM.cems016832 | ||
| 005 | 20090929155010.0 | ||
| 008 | 130507s1993##################000#0#####d | ||
| 003 | CEMS | ||
| 020 | |a 9502404734 | ||
| 082 | 0 | 4 | |a 636.9 |
| 100 | 1 | |a Pérez Paladino, Alfredo | |
| 245 | 1 | 0 | |a Manual de cunicultura / |c Alfredo Pérez Paladino, Juan A. Sánchez Paladino |
| 250 | |a 2a. ed. | ||
| 260 | |a Buenos Aires : |b Albatros, |c 1993 | ||
| 300 | |a 328 p. | ||
| 505 | 0 | |a Características generales de la explotación cunícula -- Anatomía y fisiología del conejo -- Razas -- Instalaiones y manejo -- Genética y principales enfermedades del conejo -- Producción de carne, piel y pelo -- Alimentación | |
| 653 | |a Conejos | ||
| 653 | |a Conejos-alojamiento | ||
| 653 | |a Conejos-alimentación | ||
| 653 | |a Cunicultura | ||
| 653 | |a Conejos-razas | ||
| 653 | |a Conejos-anatomía | ||
| 653 | |a Inmovilización | ||
| 653 | |a Sujeción | ||
| 700 | 1 | |a Sánchez Paladino, Juan A. | |
| 859 | |a CEMS |b BIB. CEMS - Agricultura |h 636.9 |i P415 |p A18498.95 |t Ej.2 | ||
| 859 | |a CEMS |b BIB. CEMS - Agricultura |h 636.9 |i P415 |p A19310.97 |t Ej.3 | ||
